[Event "17th Africa-ch"]
[Site "Lagos NGR"]
[Date "2022.09.21"]
[Round "4.14"]
[White "Olape, Bunmi"]
[Black "Okemakinde, Toluwanimi"]
[Result "1-0"]
[WhiteElo "2250"]
[BlackElo "2083"]
[EventDate "2022.09.18"]
[PlyCount "49"]

1.e4 e5 2.Nf3 Nc6 3.Bb5 f5 4.d3 fxe4 5.dxe4 Nf6 6.O-O Bc5 7.Nc3 d6 8.Bg5 
Be6 9.Nd5 O-O 10.Nxf6+ gxf6 11.Bh6 Re8 12.Nh4 Kh8 13.Be3 Bb6 14.a4 Rg8 15.
Be2 Qf8 16.Qd2 Bxe3 17.Qxe3 Nd4 18.Bd1 Qg7 19.Kh1 Qg5 20.Qxg5 fxg5 21.Nf3 
Bc4 22.Re1 Nxf3 23.Bxf3 Raf8 24.Kg1 Rf4 25.Re3 1-0

[Event "17th Africa-ch"]
[Site "Lagos NGR"]
[Date "2022.09.21"]
[Round "4.15"]
[White "Aikhoje, Odion"]
[Black "Onokpite, Kennedy"]
[Result "1-0"]
[WhiteElo "2239"]
[BlackElo "2095"]
[EventDate "2022.09.18"]
[PlyCount "47"]

1.Nf3 d5 2.d4 c6 3.Bf4 Qb6 4.Qc1 Nf6 5.e3 Bf5 6.c4 e6 7.Nc3 Nbd7 8.c5 Qd8 
9.b4 Be7 10.h3 O-O 11.Be2 Ne4 12.O-O Re8 13.Qb2 Bf6 14.Rfd1 Nxc3 15.Qxc3 
Be4 16.Nd2 Bg6 17.Nb3 e5 18.dxe5 Bxe5 19.Bxe5 Nxe5 20.Nd4 Qf6 21.Rac1 Re7 
22.b5 Bf5 23.Nxf5 Qxf5 24.Rd4 1-0

[Event "17th Africa-ch"]
[Site "Lagos NGR"]
[Date "2022.09.21"]
[Round "4.16"]
[White "Barcon, Harmon"]
[Black "Abdulraheem, Abdulrahman Akintoye"]
[Result "0-1"]
[WhiteElo "1951"]
[BlackElo "2277"]
[EventDate "2022.09.18"]
[PlyCount "49"]

1.e4 c5 2.Nf3 Nc6 3.d4 cxd4 4.Nxd4 g6 5.Nc3 Bg7 6.Be3 Nf6 7.Be2 O-O 8.O-O 
d5 9.exd5 Nxd5 10.Nxd5 Qxd5 11.Bf3 Qa5 12.Nxc6 bxc6 13.c3 Rb8 14.Qc1 Qc7 
15.Rd1 Rb5 16.a4 Rb3 17.Rd2 Be5 18.h3 Be6 19.Bd1 Rb7 20.Bf3 Rfb8 21.b4 Bd5
22.Rxd5 cxd5 23.Bxd5 Qxc3 24.Qxc3 Bxc3 25.Rc1 0-1

[Event "17th Africa-ch"]
[Site "Lagos NGR"]
[Date "2022.09.21"]
[Round "4.17"]
[White "Lesbros, Bernard"]
[Black "Oragwu, Chukwunonso"]
[Result "0-1"]
[WhiteElo "1884"]
[BlackElo "2248"]
[EventDate "2022.09.18"]
[PlyCount "33"]

1.Nf3 c5 2.c4 Nc6 3.Nc3 g6 4.e3 Bg7 5.d4 cxd4 6.exd4 d6 7.Be2 Nf6 8.d5 Nb8
9.O-O O-O 10.h3 Nbd7 11.Be3 a6 12.Rc1 Ne8 13.Re1 e5 14.dxe6 fxe6 15.Ng5 
Ne5 16.Qd2 Bd7 17.Rcd1 0-1

[Event "17th Africa-ch"]
[Site "Lagos NGR"]
[Date "2022.09.21"]
[Round "4.18"]
[White "Fomevor, Cephas Clinton"]
[Black "Balogun, Oluwafemi Daniel"]
[Result "0-1"]
[WhiteElo "1803"]
[BlackElo "2240"]
[EventDate "2022.09.18"]
[PlyCount "38"]

1.d4 Nf6 2.c4 g6 3.Nc3 Bg7 4.Nf3 O-O 5.Bg5 h6 6.Bh4 c5 7.e3 cxd4 8.Nxd4 
Nc6 9.Be2 a6 10.O-O Nxd4 11.exd4 d6 12.Qd2 Bf5 13.Bf3 Rb8 14.Rfe1 Re8 15.
Rad1 Kh7 16.a4 Qa5 17.b3 Qb4 18.Bxf6 Bxf6 19.Qb2 Bg5 0-1

[Event "17th Africa-ch"]
[Site "Lagos NGR"]
[Date "2022.09.21"]
[Round "4.19"]
[White "De Gondo, Simplice Armel"]
[Black "Saah, Thomas"]
[Result "0-1"]
[WhiteElo "2119"]
[BlackElo "1886"]
[EventDate "2022.09.18"]
[PlyCount "68"]

1.e4 c5 2.Nf3 Nc6 3.d4 cxd4 4.Nxd4 e5 5.Nb5 d6 6.N1c3 a6 7.Na3 b5 8.Nd5 
Nge7 9.c3 Nxd5 10.exd5 Ne7 11.g3 f5 12.Bg2 Bd7 13.O-O Rc8 14.f4 e4 15.Be3 
h5 16.Qb3 Qa5 17.Rfd1 Ng8 18.Bd4 Kf7 19.Nc2 Be7 20.Bf1 h4 21.Ne3 hxg3 22.
hxg3 Nf6 23.c4 Rh6 24.c5 Rch8 25.c6 Bc8 26.Bg2 Rg6 27.Nf1 Nh5 28.Qe3 Qd8 
29.Rac1 Nf6 30.Bxf6 Rxf6 31.Rc2 g5 32.fxg5 Rg6 33.Rf2 Kg8 34.Qa7 Bxg5 0-1

[Event "17th Africa-ch"]
[Site "Lagos NGR"]
[Date "2022.09.21"]
[Round "4.20"]
[White "Amako, Marc Arnold"]
[Black "Etukakpan, Leonard"]
[Result "0-1"]
[WhiteElo "1555"]
[BlackElo "2113"]
[EventDate "2022.09.18"]
[PlyCount "43"]

1.c4 c5 2.Nf3 Nf6 3.Nc3 d5 4.cxd5 Nxd5 5.e3 Nc6 6.Bc4 Ndb4 7.O-O Bf5 8.e4 
Bg6 9.d3 a6 10.Bf4 b5 11.Bd5 e6 12.Bxc6+ Nxc6 13.a3 Bh5 14.Ne2 Bxf3 15.
gxf3 Be7 16.Rc1 Qd7 17.Qb3 O-O 18.Rfd1 Rac8 19.Be3 Ne5 20.Kg2 Rfd8 21.d4 
c4 22.dxe5 0-1

[Event "17th Africa-ch"]
[Site "Lagos NGR"]
[Date "2022.09.21"]
[Round "4.21"]
[White "Onovughe, Ochuko Emmanuel"]
[Black "Mahamat, Hachim Bachar"]
[Result "1-0"]
[WhiteElo "2087"]
[BlackElo "1815"]
[EventDate "2022.09.18"]
[PlyCount "89"]

1.Nf3 d5 2.d4 Nf6 3.c4 e6 4.Nc3 Bb4 5.e3 O-O 6.Qc2 Ne4 7.Bd3 f5 8.O-O c6 
9.Qb3 Bd6 10.cxd5 cxd5 11.Nb5 Nc6 12.Nxd6 Qxd6 13.a3 a6 14.Bd2 Rf6 15.Bxe4
fxe4 16.Ne5 Rh6 17.Qb6 Qb8 18.f4 exf3 19.Rxf3 Bd7 20.Nxd7 Qxh2+ 21.Kf2 
Qh4+ 22.Ke2 Qg4 23.Rf1 e5 24.Qxb7 Rd8 25.Ke1 Qh4+ 26.g3 Qe7 27.Rf8+ Rxf8 
28.Rxf8+ Qxf8 29.Nxf8 Kxf8 30.dxe5 Rh1+ 31.Ke2 Rh2+ 32.Kd1 Rh6 33.e6 Rxe6 
34.Qd7 Rf6 35.b4 h6 36.a4 Ne5 37.Qxd5 Ng4 38.Qd8+ Kf7 39.Qd7+ Kg6 40.Qxg4+
Kh7 41.Bc3 Rg6 42.Qf5 a5 43.bxa5 h5 44.Be5 h4 45.gxh4 1-0

[Event "17th Africa-ch"]
[Site "Lagos NGR"]
[Date "2022.09.21"]
[Round "4.22"]
[White "Chimthere, Alfred Charles"]
[Black "Amega-Dzaka, Komi Nukunu"]
[Result "1/2-1/2"]
[WhiteElo "2027"]
[BlackElo "1621"]
[EventDate "2022.09.18"]
[PlyCount "47"]

1.d4 d5 2.c4 e6 3.Nf3 Nf6 4.Bg5 Be7 5.e3 O-O 6.Bd3 dxc4 7.Bxc4 b6 8.O-O 
Bb7 9.Nc3 Nbd7 10.Qe2 Ne4 11.Bf4 Bd6 12.Bxd6 cxd6 13.Nxe4 Bxe4 14.Nd2 Bb7 
15.Rac1 Qg5 16.f4 Qh4 17.Ba6 Bxa6 18.Qxa6 Nf6 19.Nf3 Qg4 20.Rfe1 Nd5 21.a3
h6 22.Kf2 Nf6 23.Re2 Ne4+ 24.Kg1 1/2-1/2

[Event "17th Africa-ch"]
[Site "Lagos NGR"]
[Date "2022.09.21"]
[Round "4.23"]
[White "Egbe, Kossi Thierry"]
[Black "Adu, Oladapo"]
[Result "0-1"]
[WhiteElo "1695"]
[BlackElo "2026"]
[EventDate "2022.09.18"]
[PlyCount "74"]

1.e4 c5 2.Nf3 d6 3.Bb5+ Nd7 4.O-O a6 5.Be2 Ngf6 6.Nc3 b5 7.d3 e6 8.Re1 Be7
9.Bf1 Bb7 10.a4 b4 11.Ne2 O-O 12.Ng3 Qc7 13.c3 a5 14.d4 cxd4 15.cxd4 Rfc8 
16.Bd3 g6 17.Bf4 e5 18.Rc1 Qb8 19.Bg5 Rxc1 20.Qxc1 Qd8 21.Qd2 Rc8 22.Rc1 
Rc7 23.Rc2 Qc8 24.Qc1 Rc6 25.Rxc6 Qxc6 26.Qxc6 Bxc6 27.b3 Kg7 28.d5 Bb7 
29.Be3 Bd8 30.Nf1 Bxd5 31.exd5 e4 32.Bc4 exf3 33.gxf3 Nb6 34.Bd4 Kf8 35.
Ne3 Ke7 36.Kf1 Nfd7 37.Ke2 Nc5 0-1

[Event "17th Africa-ch"]
[Site "Lagos NGR"]
[Date "2022.09.21"]
[Round "4.24"]
[White "Kpan Deckalet, Mario Prosper"]
[Black "Ebosse, Kingue Victor Patrick"]
[Result "1/2-1/2"]
[WhiteElo "1591"]
[BlackElo "2075"]
[EventDate "2022.09.18"]
[PlyCount "39"]

1.c4 Nf6 2.Nc3 g6 3.e4 d6 4.d4 Bg7 5.f3 O-O 6.Be3 c5 7.dxc5 dxc5 8.Qxd8 
Rxd8 9.Bxc5 Nc6 10.Nge2 Nd7 11.Be3 Nde5 12.Nf4 Nb4 13.Kf2 Be6 14.Ncd5 Bxd5
15.exd5 Nc2 16.Rc1 Nxe3 17.Kxe3 Bh6 18.h4 e6 19.dxe6 Re8 20.Ke4 1/2-1/2

[Event "17th Africa-ch"]
[Site "Lagos NGR"]
[Date "2022.09.22"]
[Round "5"]
[White "Adly, Ahmed"]
[Black "Kigigha, Bomo Lovet"]
[Result "1-0"]
[WhiteElo "2578"]
[BlackElo "2196"]
[EventDate "2022.09.18"]
[PlyCount "125"]

1.d4 d5 2.Nf3 Nf6 3.g3 e6 4.Bg2 Be7 5.O-O O-O 6.c4 dxc4 7.Qc2 a6 8.a4 Nc6 
9.Qxc4 a5 10.Nc3 Nb4 11.Rd1 b6 12.Ne5 Ba6 13.Nb5 Rc8 14.Nc6 Nxc6 15.Qxc6 
Nd5 16.Bd2 Nb4 17.Bxb4 Bxb4 18.Rac1 Bxb5 19.axb5 Qe7 20.f4 f5 21.Qc4 Bd6 
22.Rc3 Qf6 23.Bc6 Rf7 24.Re3 Re7 25.Rxe6 Rxe6 26.Bd7 Re8 27.Bxe8 Kh8 28.
Bh5 Qe7 29.Bf3 g6 30.Kf2 Kg7 31.Qd3 Qf6 32.Rc1 Re7 33.Bd5 Re8 34.b3 Re7 
35.Rd1 Re8 36.Qf3 Re7 37.e3 Re8 38.Bc4 Qe7 39.Rg1 Qe4 40.Qxe4 fxe4 41.Rc1 
Kf6 42.Bf1 h6 43.Bh3 Re7 44.Rc4 g5 45.d5 gxf4 46.gxf4 h5 47.Be6 h4 48.Rxe4
Bc5 49.Rc4 Rg7 50.Rc3 Rg6 51.Bh3 Rg8 52.Rc1 Ke7 53.Kf3 Kd6 54.Be6 Rg7 55.
e4 Rg1 56.e5+ Ke7 57.Rxg1 Bxg1 58.h3 Kf8 59.f5 Kg7 60.f6+ Kg6 61.Bf5+ Kf7 
62.Bg4 Kg6 63.Bh5+ 1-0

[Event "17th Africa-ch"]
[Site "Lagos NGR"]
[Date "2022.09.22"]
[Round "5"]
[White "Rakotomaharo, Fy Antenaina"]
[Black "Paiva, Donaldo"]
[Result "1/2-1/2"]
[WhiteElo "2492"]
[BlackElo "2207"]
[EventDate "2022.09.18"]
[PlyCount "56"]

1.e4 c5 2.Nf3 d6 3.d4 cxd4 4.Nxd4 Nf6 5.Nc3 a6 6.a4 e5 7.Nf3 Be7 8.g3 O-O 
9.Bg2 Nc6 10.O-O Be6 11.Re1 Rc8 12.Nd5 Bxd5 13.exd5 Nb4 14.c3 Nbxd5 15.Nh4
Rc5 16.Nf5 Qd7 17.g4 h6 18.a5 Re8 19.Qf3 Bd8 20.Qh3 Re6 21.Rd1 Ne7 22.b4 
Rc4 23.f4 Nxf5 24.gxf5 Re8 25.Bf1 Rc8 26.fxe5 Rxe5 27.Bf4 Rd5 28.Bg2 Rxd1+
1/2-1/2

[Event "17th Africa-ch"]
[Site "Lagos NGR"]
[Date "2022.09.22"]
[Round "5"]
[White "Kabwe, Timothy"]
[Black "Amin, Bassem"]
[Result "0-1"]
[WhiteElo "2206"]
[BlackElo "2663"]
[EventDate "2022.09.18"]
[PlyCount "84"]

1.d4 Nf6 2.Nf3 g6 3.Bf4 Bg7 4.e3 O-O 5.Nbd2 d6 6.Bc4 c5 7.c3 Nc6 8.O-O Nh5
9.Bg3 Nxg3 10.hxg3 Qb6 11.Qb3 Qc7 12.Qc2 cxd4 13.exd4 Bf5 14.Bd3 Nb4 15.
cxb4 Qxc2 16.Bxc2 Bxc2 17.Rac1 Rac8 18.Rfe1 Rfe8 19.Re3 Kf8 20.Rc3 Bf5 21.
Nb3 Bh6 22.Nfd2 Be6 23.Rxc8 Rxc8 24.Rxc8+ Bxc8 25.Kf1 b6 26.a4 Bd7 27.a5 
Bb5+ 28.Ke1 Ke8 29.Ne4 Bg7 30.Nc3 Bc4 31.Nd2 Bd3 32.Nf3 Kd7 33.axb6 axb6 
34.Nd5 b5 35.Nc3 h5 36.Ne2 Kc6 37.Nc3 Bc4 38.Ne2 Bf6 39.Kd2 Bxe2 40.Kxe2 
Kd5 41.Kd3 g5 42.b3 g4 0-1

[Event "17th Africa-ch"]
[Site "Lagos NGR"]
[Date "2022.09.22"]
[Round "5"]
[White "Lapite, Oluwadurotimi"]
[Black "Silva, David"]
[Result "0-1"]
[WhiteElo "2136"]
[BlackElo "2315"]
[EventDate "2022.09.18"]
[PlyCount "68"]

1.Nf3 Nf6 2.c4 c5 3.Nc3 g6 4.d4 cxd4 5.Nxd4 Bg7 6.e4 O-O 7.Be3 Nc6 8.Nc2 
d6 9.Be2 a5 10.O-O a4 11.f3 Nd7 12.Qd2 Nc5 13.Rfd1 Qa5 14.Rab1 f5 15.exf5 
Bxf5 16.g4 Bxc2 17.Qxc2 a3 18.Nb5 axb2 19.a3 Na4 20.Kg2 Nc3 21.h4 Nxd1 22.
Rxd1 Qa4 23.Qe4 Rf7 24.Rh1 Ne5 25.h5 Raf8 26.f4 d5 27.Qxd5 b1=Q 28.Rxb1 
Qc2 29.Re1 Nxg4 30.Bc1 Nf6 31.Qe6 Nxh5 32.Kf1 Nxf4 33.Bxf4 Kh8 34.Kg1 Rxf4
0-1

[Event "17th Africa-ch"]
[Site "Lagos NGR"]
[Date "2022.09.22"]
[Round "5"]
[White "Zhemba, Jemusse"]
[Black "Emmanuel, Joy Idara"]
[Result "1-0"]
[WhiteElo "2232"]
[BlackElo "2116"]
[EventDate "2022.09.18"]
[PlyCount "55"]

1.e4 c5 2.Ne2 Nf6 3.Nbc3 d6 4.g3 g6 5.Bg2 Bg7 6.d3 Nc6 7.h3 O-O 8.O-O Rb8 
9.a4 Bd7 10.Be3 e5 11.Kh2 a6 12.Qd2 Nd4 13.f4 b5 14.axb5 axb5 15.fxe5 dxe5
16.Bg5 h6 17.Bxh6 Bxh6 18.Qxh6 Nxc2 19.Rxf6 Nxa1 20.Rf1 Nc2 21.Nd5 Rb6 22.
g4 Rd6 23.Ng3 f5 24.gxf5 Bxf5 25.exf5 gxf5 26.Qh5 f4 27.Nf5 Nd4 28.Nde7+ 
1-0

[Event "17th Africa-ch"]
[Site "Lagos NGR"]
[Date "2022.09.22"]
[Round "5"]
[White "Ortega, Amarelle Mariano"]
[Black "John, Henry"]
[Result "1-0"]
[WhiteElo "2474"]
[BlackElo "2245"]
[EventDate "2022.09.18"]
[PlyCount "99"]

1.d4 Nf6 2.Nf3 g6 3.c4 Bg7 4.Nc3 d6 5.e4 O-O 6.Be2 Na6 7.O-O e5 8.Re1 exd4
9.Nxd4 Re8 10.f3 Nc5 11.Bf1 a5 12.Ndb5 Bd7 13.Be3 b6 14.Qd2 Bc6 15.b3 Bb7 
16.Rab1 Qd7 17.Red1 Rad8 18.Bg5 Qc8 19.Nd5 Bxd5 20.cxd5 Re5 21.Na7 Qa8 22.
Bxf6 Bxf6 23.Nc6 Rh5 24.Nxd8 Qxd8 25.g3 Re5 26.a3 h5 27.b4 axb4 28.axb4 
Nd7 29.Re1 h4 30.f4 Re7 31.Bh3 hxg3 32.hxg3 g5 33.Rb3 Qf8 34.Bxd7 Rxd7 35.
e5 dxe5 36.fxe5 Bg7 37.Rd3 Qe7 38.e6 Rd6 39.exf7+ Qxf7 40.Qxg5 Rg6 41.Qd8+
Kh7 42.Qh4+ Kg8 43.Qe4 Bf8 44.Rf3 Rf6 45.Rxf6 Qxf6 46.Qe6+ Kg7 47.Qxf6+ 
Kxf6 48.Rf1+ Ke7 49.Rxf8 Kxf8 50.Kf2 1-0

[Event "17th Africa-ch"]
[Site "Lagos NGR"]
[Date "2022.09.22"]
[Round "5"]
[White "Okeke, Isaac Chukwudalu"]
[Black "Hesham, Abdelrahman"]
[Result "0-1"]
[WhiteElo "2180"]
[BlackElo "2374"]
[EventDate "2022.09.18"]
[PlyCount "82"]

1.e4 c5 2.Nf3 d6 3.d4 cxd4 4.Nxd4 Nf6 5.Nc3 a6 6.Bg5 Nc6 7.Nb3 e6 8.Qd2 h6
9.Bf4 g5 10.Bg3 Nh5 11.O-O-O Nxg3 12.hxg3 b5 13.f4 gxf4 14.gxf4 Rg8 15.Qe3
Qc7 16.g3 Bb7 17.Bh3 Bg7 18.Rhe1 b4 19.e5 dxe5 20.Ne4 Nd4 21.Nxd4 exd4 22.
Rxd4 Bxd4 23.Qxd4 Bxe4 24.Qxe4 Rd8 25.Bxe6 Rxg3 26.Bg4+ Kf8 27.Qxb4+ Qd6 
28.Qxd6+ Rxd6 29.Be2 Re3 30.Rd1 Rf6 31.Bd3 Rh3 32.f5 h5 33.b4 h4 34.a4 Rg3
35.Rh1 h3 36.Bf1 Rh6 37.Kb2 h2 38.Bxa6 Rxa6 39.Rxh2 Rxa4 40.c3 Rf3 41.Rh1 
Rxf5 0-1

[Event "17th Africa-ch"]
[Site "Lagos NGR"]
[Date "2022.09.22"]
[Round "5"]
[White "Solomon, Kenny"]
[Black "Eyetonghan, Denyefa Callistus"]
[Result "0-1"]
[WhiteElo "2356"]
[BlackElo "2079"]
[EventDate "2022.09.18"]
[PlyCount "138"]

1.e4 c6 2.d4 d5 3.e5 c5 4.dxc5 e6 5.a3 Nc6 6.Nf3 Bxc5 7.b4 Bb6 8.Bb2 Nge7 
9.Bd3 Ng6 10.O-O O-O 11.Re1 Bd7 12.g3 Rc8 13.Nbd2 f6 14.exf6 gxf6 15.c4 
Nce7 16.Rc1 e5 17.cxd5 Rxc1 18.Qxc1 Nxd5 19.Qc2 Nde7 20.h4 Qc8 21.Nc4 Bf5 
22.h5 Nh8 23.Nh4 Bxd3 24.Qxd3 Nf7 25.Nxb6 axb6 26.Bc1 Qe6 27.Qf3 Nd6 28.
Be3 Nd5 29.Bh6 Rc8 30.Rd1 e4 31.Qb3 Nc4 32.a4 Kf7 33.Ng2 Ke7 34.Rd4 b5 35.
axb5 Ncb6 36.Rd1 Nc3 37.Qxe6+ ( 37.Bf8+ Kf7 38.Qxe6+ Kxe6 39.Rd6+ Ke5 40.
Rxb6 Rxf8 41.Rxb7 ) 37...Kxe6 38.Re1 Nbd5 39.Bd2 f5 40.f3 Ke5 41.fxe4 fxe4
42.g4 Nxb5 43.Bh6 Rg8 44.g5 Nd4 45.Nh4 e3 46.g6 Ke4 47.Kf1 hxg6 48.hxg6 
e2+ 49.Rxe2+ Nxe2 50.Kxe2 Ne7 51.g7 b5 52.Kd2 Nf5 53.Nxf5 Kxf5 54.Kd3 Rd8+
55.Kc3 Kg6 56.Be3 Kxg7 57.Bb6 Rd7 58.Bd4+ Kg6 59.Bb6 Kf5 60.Bc5 Ke4 61.Bb6
Rd3+ 62.Kc2 Rh3 63.Bc5 Kd5 64.Kb2 Kc4 65.Bd6 Re3 ( 65...Rb3+ 66.Kc2 Rxb4 
67.Bxb4 Kxb4 68.Kb2 Kc4 69.Kc2 b4 70.Kb2 Kb5 71.Kb3 ) 66.Bc5 Re2+ 67.Ka3 
Kc3 68.Bb6 Re1 69.Ka2 Kxb4 0-1

[Event "17th Africa-ch"]
[Site "Lagos NGR"]
[Date "2022.09.22"]
[Round "5"]
[White "Gong, Thon Gong"]
[Black "Adebayo, Adegboyega Joel"]
[Result "1/2-1/2"]
[WhiteElo "2166"]
[BlackElo "2267"]
[EventDate "2022.09.18"]
[PlyCount "112"]

1.e4 d6 2.d4 Nf6 3.Nc3 c6 4.Bd3 e5 5.Nf3 Nbd7 6.h3 Be7 7.O-O O-O 8.a4 b6 
9.b4 a6 10.Ne2 Bb7 11.Rb1 exd4 12.Nexd4 c5 13.Nf5 Nxe4 14.Re1 d5 15.Nd2 
cxb4 16.Nxe4 dxe4 17.Bxe4 Bxe4 18.Rxe4 Bf6 19.Rexb4 a5 20.Rg4 Ne5 21.Rd4 
Qc8 22.Nd6 Qc6 23.Ne4 Be7 24.Bf4 Nc4 25.Qd3 Rac8 26.Nc3 Bf6 27.Nd5 Rfd8 
28.Qf5 Qe6 29.Nxf6+ Qxf6 30.Qxf6 gxf6 31.Rd3 h5 32.Rb5 h4 33.Kf1 Kg7 34.
Ke2 Re8+ 35.Kd1 Re4 36.Be3 Rce8 37.Rbb3 R8e6 38.Rd4 f5 39.Rxe4 fxe4 40.Ke2
Kg6 41.g4 hxg3 42.fxg3 f5 43.Rb5 Rd6 44.g4 fxg4 45.hxg4 Kf7 46.c3 Rg6 47.
g5 Rd6 48.Bd4 Kg6 49.Be3 Kh5 50.Rb1 Rg6 51.Rh1+ Kg4 52.Rg1+ Kf5 53.Rf1+ 
Ke6 54.Rf4 Ke5 55.Rf6 Rxf6 56.Bd4+ Ke6 1/2-1/2

[Event "17th Africa-ch"]
[Site "Lagos NGR"]
[Date "2022.09.22"]
[Round "5"]
[White "Rehan, Deng Cypriano"]
[Black "Olape, Bunmi"]
[Result "0-1"]
[WhiteElo "2145"]
[BlackElo "2250"]
[EventDate "2022.09.18"]
[PlyCount "98"]

1.d4 d5 2.Nf3 Nf6 3.e3 e6 4.Bd3 c5 5.c3 Nc6 6.Nbd2 Bd6 7.O-O O-O 8.Qe2 e5 
9.dxc5 Bxc5 10.e4 Re8 11.h3 h6 12.Rd1 Qe7 13.exd5 Nxd5 14.Ne4 Bb6 15.Bc4 
Nf6 16.Nd6 Rf8 17.Nh4 e4 18.Ng6 Qc7 19.Nxf8 Kxf8 20.Nxe4 Nd4 21.cxd4 Nxe4 
22.Qxe4 Qxc4 23.Bf4 Be6 24.b3 Qb4 25.Be5 Rd8 26.Rd3 Bd5 27.Qf4 Qe7 28.Rc1 
Bc6 29.Re3 f6 30.Rg3 Ke8 31.Re1 Bxd4 32.Bxd4 Qxe1+ 33.Kh2 Qb4 34.Qe3+ Kf7 
35.Bxa7 Re8 36.Qd3 Qe4 37.Qc3 Ra8 38.Qc5 Qd5 39.Qb6 Qe5 40.a4 h5 41.Qc5 
Rxa7 42.Qxa7 h4 43.Qb6 hxg3+ 44.fxg3 Qb2 45.Qg1 Qxb3 46.a5 Qa2 47.Qf1 Qxa5
48.Qe2 Qd5 49.Qf2 b5 0-1

[Event "17th Africa-ch"]
[Site "Lagos NGR"]
[Date "2022.09.22"]
[Round "5"]
[White "Abdulraheem, Abdulrahman Akintoye"]
[Black "Mulenga, Prince Daniel"]
[Result "1-0"]
[WhiteElo "2277"]
[BlackElo "2171"]
[EventDate "2022.09.18"]
[PlyCount "63"]

1.e4 e5 2.Nf3 Nc6 3.Bc4 Nf6 4.d3 Bc5 5.c3 d6 6.O-O a6 7.Bb3 Ba7 8.Nbd2 O-O
9.h3 Ne7 10.Re1 Ng6 11.Nf1 h6 12.Ng3 Re8 13.d4 Be6 14.Bc2 c5 15.d5 Bd7 16.
c4 b5 17.Be3 Bb6 18.Qc1 Kh7 19.Nf5 Bxf5 20.exf5 Ne7 21.b3 Ba5 22.Bd2 Kg8 
23.Bxh6 e4 24.Nh4 gxh6 25.Qxh6 Bc3 26.Re3 Be5 27.Rae1 Nfxd5 28.cxd5 Bg7 
29.Qg5 Nxd5 30.f6 Qxf6 31.Qxd5 Qxh4 32.Rxe4 1-0

[Event "17th Africa-ch"]
[Site "Lagos NGR"]
[Date "2022.09.22"]
[Round "5"]
[White "Phiri, Richmond"]
[Black "Aikhoje, Odion"]
[Result "1/2-1/2"]
[WhiteElo "2351"]
[BlackElo "2239"]
[EventDate "2022.09.18"]
[PlyCount "69"]

1.c4 Nf6 2.g3 c5 3.Bg2 g6 4.Nf3 Nc6 5.Nc3 Bg7 6.O-O O-O 7.d3 d6 8.a3 Bd7 
9.Rb1 Qc8 10.b4 b6 11.Bg5 Re8 12.Qd2 Bh3 13.b5 Bxg2 14.Kxg2 Na5 15.h3 Qb7 
16.Rfe1 Nd7 17.Kh2 Nf8 18.Bh6 Bh8 19.Ng5 Qd7 20.e4 f6 21.Nf3 Ne6 22.Qe2 
Rac8 23.Bd2 Rf8 24.Nd5 Nb7 25.Bc3 Nc7 26.Kg2 e6 27.Nxc7 Rxc7 28.Nh2 Bg7 
29.Nf1 d5 30.exd5 exd5 31.Qe6+ Qxe6 32.Re4 Qe5 33.Rxe5 Rd7 34.Re6 f5 35.
Rbe1 1/2-1/2

[Event "17th Africa-ch"]
[Site "Lagos NGR"]
[Date "2022.09.22"]
[Round "5"]
[White "Beukes, Dante M."]
[Black "Etukakpan, Leonard"]
[Result "1/2-1/2"]
[WhiteElo "2295"]
[BlackElo "2113"]
[EventDate "2022.09.18"]
[PlyCount "139"]

1.e4 e6 2.d4 d5 3.e5 c5 4.c3 Nc6 5.Nf3 Bd7 6.Be2 Nge7 7.Na3 Ng6 8.Nc2 f6 
9.Bd3 Qc7 10.Nh4 Ncxe5 11.Nxg6 Nxg6 12.Qh5 f5 13.h4 O-O-O 14.Qf3 c4 15.Be2
Bd6 16.g3 h6 17.O-O Ne7 18.b3 Ng8 19.Ba3 g5 20.Bxd6 Qxd6 21.h5 Nf6 22.bxc4
dxc4 23.Bxc4 Bc6 24.Qe2 Rde8 25.Nb4 Be4 26.Nd3 Ng4 27.Nc5 Bd5 28.Rab1 Re7 
29.Bxd5 exd5 30.Qf3 Qf6 31.Qxd5 Rd8 32.Qf3 Qf7 33.Kg2 Rd5 34.Rfe1 Rxe1 35.
Rxe1 Qxh5 36.Re8+ Qxe8 37.Qxd5 Qc6 38.Qxc6+ bxc6 39.Ne6 Nf6 40.Ng7 f4 41.
gxf4 gxf4 42.Kf3 Nd5 43.c4 Nc3 44.a3 Nb1 45.Ke4 Nxa3 46.Kd3 Kd7 47.f3 a5 
48.Nh5 Ke6 49.Nxf4+ Kf5 50.Nh3 a4 51.Kc3 h5 52.Kd3 h4 53.Kc3 Ke6 54.Nf4+ 
Kd6 55.Nh3 c5 56.d5 Nxc4 57.Kxc4 a3 58.Kb3 Kxd5 59.Kxa3 Kd4 60.Kb2 Kd3 61.
f4 c4 62.Kc1 Ke4 63.Kd2 Kf5 64.Ke3 c3 65.Kd3 Kg4 66.Kxc3 Kxh3 67.f5 Kg4 
68.f6 h3 69.f7 h2 70.Kd4 1/2-1/2

[Event "17th Africa-ch"]
[Site "Lagos NGR"]
[Date "2022.09.22"]
[Round "5"]
[White "Adu, Oladapo"]
[Black "Ajibola, Olanrewaju"]
[Result "1/2-1/2"]
[WhiteElo "2026"]
[BlackElo "2285"]
[EventDate "2022.09.18"]
[PlyCount "71"]

1.e4 e5 2.Bc4 Nf6 3.Nc3 c6 4.Nf3 b5 5.Bb3 b4 6.Ne2 Nxe4 7.O-O Nc5 8.Nxe5 
Nxb3 9.axb3 d6 10.Nc4 d5 11.Ne5 Bd6 12.Re1 O-O 13.d4 Nd7 14.Nd3 Nf6 15.Bf4
Bxf4 16.Nexf4 Qb6 17.Nc5 a5 18.Nh5 Qd8 19.Qf3 Nxh5 20.Qxh5 Re8 21.Qg5 f6 
22.Qf4 h6 23.h3 Kh7 24.g4 Ra7 25.Rxe8 Qxe8 26.Qb8 Re7 27.Nd3 h5 28.Rxa5 
hxg4 29.hxg4 Re4 30.Ra8 Rxg4+ 31.Kf1 Qe4 32.Qxc8 Qh1+ 33.Ke2 Re4+ 34.Kd2 
Qh6+ 35.Kd1 Qh5+ 36.Kc1 1/2-1/2

[Event "17th Africa-ch"]
[Site "Lagos NGR"]
[Date "2022.09.22"]
[Round "5"]
[White "Lungu, Nase"]
[Black "Manyang, Peter Majur"]
[Result "1-0"]
[WhiteElo "2261"]
[BlackElo "2111"]
[EventDate "2022.09.18"]
[PlyCount "63"]

1.c4 e6 2.Nf3 Nf6 3.Nc3 d5 4.d4 a6 5.g3 dxc4 6.Bg2 b5 7.Ne5 Nd5 8.a4 Bb7 
9.e4 Nxc3 10.bxc3 Nd7 11.f4 c5 12.d5 exd5 13.exd5 Bd6 14.Nc6 Qc7 15.Qe2+ 
Kf8 16.O-O Re8 17.Qf3 b4 18.Bb2 b3 19.Rfe1 Rxe1+ 20.Rxe1 Nb6 21.a5 Na4 22.
Qe2 g5 23.f5 Nxb2 24.Qe8+ Kg7 25.f6+ Kxf6 26.Qxh8+ Kg6 27.Qg8+ Kh6 28.Be4 
f6 29.Rf1 Bf4 30.gxf4 gxf4 31.Nd8 Bxd5 32.Bxd5 1-0

[Event "17th Africa-ch"]
[Site "Lagos NGR"]
[Date "2022.09.22"]
[Round "5"]
[White "Oragwu, Chukwunonso"]
[Black "Onovughe, Ochuko Emmanuel"]
[Result "1-0"]
[WhiteElo "2248"]
[BlackElo "2087"]
[EventDate "2022.09.18"]
[PlyCount "63"]

1.e4 c5 2.Nf3 Nc6 3.Bb5 Nf6 4.Qe2 g6 5.O-O Bg7 6.h3 O-O 7.d3 Qb6 8.a4 a6 
9.Bc4 e6 10.e5 Ne8 11.Nbd2 d5 12.Ba2 Qc7 13.Re1 b5 14.h4 Bb7 15.h5 Nb4 16.
Bb1 d4 17.Nf1 Nd5 18.N1h2 Qd7 19.Ng4 b4 20.Ba2 Nec7 21.Ng5 Rae8 22.Ne4 Qc6
23.Bg5 gxh5 24.Ngf6+ Bxf6 25.exf6 Kh8 26.Qxh5 Rg8 27.f3 e5 28.Kf2 Qe6 29.
Rh1 Qf5 30.Nd6 Rxg5 31.Nxf7+ Kg8 32.Qxg5+ 1-0

[Event "17th Africa-ch"]
[Site "Lagos NGR"]
[Date "2022.09.22"]
[Round "5"]
[White "Balogun, Oluwafemi Daniel"]
[Black "Ikhimiukor, Ehidiamen"]
[Result "1-0"]
[WhiteElo "2240"]
[BlackElo "1942"]
[EventDate "2022.09.18"]
[PlyCount "51"]

1.e4 e5 2.Nf3 Nc6 3.Bb5 Nf6 4.O-O Nxe4 5.d4 Nd6 6.Bxc6 dxc6 7.dxe5 Nf5 8.
Qxd8+ Kxd8 9.h3 Bc5 10.g4 Ne7 11.Kg2 Be6 12.Nc3 Nd5 13.Ne4 Be7 14.c4 Nb6 
15.b3 Ke8 16.Nd4 Rd8 17.Be3 Bc8 18.f4 Nd7 19.Nf5 Bf8 20.Rae1 c5 21.Bf2 Be7
22.Nxe7 Kxe7 23.Bh4+ f6 24.exf6+ gxf6 25.Ng5+ Kd6 26.Re6# 1-0

[Event "17th Africa-ch"]
[Site "Lagos NGR"]
[Date "2022.09.22"]
[Round "5"]
[White "Saah, Thomas"]
[Black "Onokpite, Kennedy"]
[Result "0-1"]
[WhiteElo "1886"]
[BlackElo "2095"]
[EventDate "2022.09.18"]
[PlyCount "164"]

1.e4 d6 2.Bc4 Nf6 3.d3 c6 4.Bb3 Bg4 5.f3 Bh5 6.Be3 e6 7.Ne2 d5 8.e5 Nfd7 
9.d4 c5 10.c3 Qb6 11.Qd2 Bg6 12.Nf4 cxd4 13.cxd4 Bxb1 14.Kf2 Bg6 15.h4 Bb4
16.Qd1 h6 17.Rh3 Bf5 18.g4 Bh7 19.Nh5 Rg8 20.g5 Bf5 21.Rg3 Be7 22.Qh1 hxg5
23.hxg5 Nc6 24.Rc1 O-O-O 25.Qd1 Kb8 26.a3 Rc8 27.Rg2 Bf8 28.Ng3 Bg6 29.f4 
Ne7 30.Ba4 Rxc1 31.Qxc1 Qc7 32.Qe1 Nb6 33.Bb5 Nf5 34.Rh2 Nxg3 35.Kxg3 Be7 
36.Bd2 Qc2 37.Bb4 Qb3+ 38.Qc3 Qxc3+ 39.Bxc3 Rc8 40.Rd2 Bxa3 41.Bd3 Nc4 42.
Bxg6 fxg6 43.Rh2 Bf8 44.Kf3 b5 45.b3 Nxe5+ 46.fxe5 Rxc3+ 47.Kg4 Rc8 48.Rf2
Kb7 49.Rf7+ Kb6 50.b4 a5 51.bxa5+ Kxa5 52.Ra7+ Kb4 53.Ra6 Re8 54.Kf3 Kc4 
55.Ke3 b4 56.Rc6+ Kb3 57.Kd3 Kb2 58.Rc2+ Ka3 59.Rc6 Ka4 60.Kc2 Kb5 61.Rc7 
Kb6 62.Rf7 Be7 63.Rxg7 Bxg5 64.Rxg6 Be3 65.Kd3 Bf2 66.Rf6 Be1 67.Kc2 Bc3 
68.Kd3 Kb5 69.Rf7 Rh8 70.Rb7+ Ka4 71.Ra7+ Kb3 72.Ra6 Rh3+ 73.Ke2 Bxd4 74.
Rxe6 Re3+ 75.Kd2 Rxe5 76.Rc6 Bc3+ 77.Kd3 Rh5 78.Rc8 Rh3+ 79.Ke2 d4 80.Rd8 
d3+ 81.Rxd3 Rxd3 82.Kxd3 Ka2 0-1